Biblioteca y Centro de Documentación

La creación de riqueza y pobreza (Registro nro. 53926)

Detalles MARC
000 -CABECERA
Longitud fija campo de control 01549 a2200457 4500
001 - NÚMERO DE CONTROL
Número de control 53926
003 - IDENTIFICADOR DE NÚMERO DE CONTROL
Identificador del número de control ES-MaCES
005 - FECHA Y HORA DE LA ÚLTIMA TRANSACCIÓN
Fecha y hora de la última transacción 20251030102734.0
008 - CAMPO FIJO DE DESCRIPCIÓN FIJA--INFORMACIÓN GENERAL
Códigos de información de longitud fija   251027s2024 sp ||||| |||||||||||spa|d
017 ## - NÚMERO DE REGISTRO DE DERECHOS DE AUTOR Y DEPÓSITO LEGAL
Número de copyright o de depósito legal M 6465-2024
Agencia que asigna el número DL
020 ## - ISBN (INTERNATIONAL STANDARD BOOK NUMBER)
Número Internacional Normalizado para Libros (ISBN) 9788413529554
040 ## - FUENTE DE CATALOGACIÓN
Centro catalogador de origen ES-MaCES
Lengua de catalogación spa
Centro transcriptor ES-MaCES
041 1# - CÓDIGO DE IDIOMA
Código de lengua del texto;banda sonora o título independiente spa
Código de lengua original eng
100 1# - ENCABEZAMIENTO PRINCIPAL--NOMBRE PERSONAL
9 (RLIN) 41533
Nombre de persona Bougrine, Hassan
245 13 - MENCIÓN DE TÍTULO
Título La creación de riqueza y pobreza
Resto del título : neoliberalismo y desigualdad
Mención de responsabilidad, etc. Hassan Bougrine ; tr. del eng de Juan Francisco Valero Quintero ; [presentación de Santiago Cantalapiedra]
260 ## - PUBLICACIÓN, DISTRIBUCIÓN, ETC (PIE DE IMPRENTA)
Lugar de publicación, distribución, etc. Madrid
Nombre del editor, distribuidor, etc. Fuhem Ecosocial
-- : Los libros de la catarata
Fecha de publicación, distribución, etc. [2024]
300 ## - DESCRIPCIÓN FÍSICA
Extensión 249 p.
Dimensiones 22 cm
490 1# - MENCIÓN DE SERIE
Mención de serie Economía inclusiva
Designación de volumen o secuencia 007
504 ## - NOTA DE BIBLIOGRAFÍA, ETC.
Nota de bibliografía, etc. Bibliografía: p. 289-310
541 ## - NOTA DE LA FUENTE INMEDIANTE DE ADQUISICIÓN
Forma de adquisición Compra
650 #7 - ASIENTO SECUNDARIO DE MATERIA--TÉRMINO DE MATERIA
9 (RLIN) 29375
Término de materia o nombre geográfico como elemento inicial riqueza
650 #7 - ASIENTO SECUNDARIO DE MATERIA--TÉRMINO DE MATERIA
9 (RLIN) 27112
Término de materia o nombre geográfico como elemento inicial pobreza
650 #7 - ASIENTO SECUNDARIO DE MATERIA--TÉRMINO DE MATERIA
9 (RLIN) 27109
Término de materia o nombre geográfico como elemento inicial distribución del ingreso
650 #7 - ASIENTO SECUNDARIO DE MATERIA--TÉRMINO DE MATERIA
9 (RLIN) 31222
Término de materia o nombre geográfico como elemento inicial liberalismo
650 #7 - ASIENTO SECUNDARIO DE MATERIA--TÉRMINO DE MATERIA
9 (RLIN) 27116
Término de materia o nombre geográfico como elemento inicial capitalismo
650 #7 - ASIENTO SECUNDARIO DE MATERIA--TÉRMINO DE MATERIA
9 (RLIN) 29371
Término de materia o nombre geográfico como elemento inicial desigualdad económica
650 #7 - ASIENTO SECUNDARIO DE MATERIA--TÉRMINO DE MATERIA
9 (RLIN) 30789
Término de materia o nombre geográfico como elemento inicial desigualdad social
650 #7 - ASIENTO SECUNDARIO DE MATERIA--TÉRMINO DE MATERIA
9 (RLIN) 27291
Término de materia o nombre geográfico como elemento inicial élite
650 #7 - ASIENTO SECUNDARIO DE MATERIA--TÉRMINO DE MATERIA
9 (RLIN) 27235
Término de materia o nombre geográfico como elemento inicial grupo de intereses
650 #7 - ASIENTO SECUNDARIO DE MATERIA--TÉRMINO DE MATERIA
9 (RLIN) 28194
Término de materia o nombre geográfico como elemento inicial toma de decisiones
650 #7 - ASIENTO SECUNDARIO DE MATERIA--TÉRMINO DE MATERIA
9 (RLIN) 27211
Término de materia o nombre geográfico como elemento inicial política gubernamental
650 #7 - ASIENTO SECUNDARIO DE MATERIA--TÉRMINO DE MATERIA
9 (RLIN) 27200
Término de materia o nombre geográfico como elemento inicial poder político
650 #7 - ASIENTO SECUNDARIO DE MATERIA--TÉRMINO DE MATERIA
9 (RLIN) 27122
Término de materia o nombre geográfico como elemento inicial doctrina económica
650 #7 - ASIENTO SECUNDARIO DE MATERIA--TÉRMINO DE MATERIA
9 (RLIN) 27238
Término de materia o nombre geográfico como elemento inicial doctrina política
653 10 - TÉRMINO DE INDEXACIÓN--NO CONTROLADO
Término no controlado Economía
700 1# - ENCABEZAMIENTO SECUNDARIO--NOMBRE PERSONAL
9 (RLIN) 41534
Nombre de persona Valero Quintero, Juan F.
Término indicativo de función tr.
700 1# - ENCABEZAMIENTO SECUNDARIO--NOMBRE PERSONAL
9 (RLIN) 41535
Nombre de persona Cantalapiedra, Santiago
Término indicativo de función col.
830 #0 - ENCABEZAMIENTO SECUNDARIO DE COLECCIÓN--TÍTULO UNIFORME
Título uniforme Economía inclusiva
9 (RLIN) 40622
Designación de volumen o secuencia 007
902 ## - CES. TIPO DE DOCUMENTO
Tipodoc (006$c Sirtex) LIB Libro
942 ## - ELEMENTOS KOHA
Fuente de clasificaión o esquema Clasificación propia del CES
Koha [por defecto] tipo de item Monografías
Parte de clasificación Economía
Existencias
Número de registro Signatura completa Tipo de item de Koha
203360 SG-0.0.-887 Monografías
© CES, Consejo Económico y Social de España 2021